000 00516nam a22001817a 4500
003 BUBTL
008 191118b xxu||||| |||| 00| 0 eng d
082 _a347.5405 / RAP
100 _92463
_aRao, Mamta
245 _aPublic Interest Litigation :
_bLegal Aid and Lok Adalats /
_cMamta Rao
250 _a2nd ed.
260 _aLucknow :
_bEastern Book Company,
_cc2004.
300 _axvii, 413 p. :
650 0 _926
_aLaw
856 _k0
_l0
_yDownload
942 _2ddc
_cBK
999 _c6162
_d6162